Statistics for Week 1 2023-24 NFL Stat Leaders

Click here to take the quiz!

General Stats

  • This quiz has been taken 65 times
  • The average score is 27 of 30

Answer Stats

HintAnswer% Correct
HOUCJ Stroud
100%
NORDerek Carr
100%
DETJared Goff
100%
MINKirk Cousins
100%
MIATua Tagovailoa
100%
SFOChristian McCaffrey
98%
GNBJordan Love
98%
BUFJosh Allen
98%
LARMatthew Stafford
98%
JAXTrevor Lawrence
98%
CLENick Chubb
96%
MIATyreek Hill
96%
LACAustin Ekeler
94%
MINJustin Jefferson
94%
NYJBreece Hall
93%
NWEMac Jones
93%
BUFStefon Diggs
91%
SFOBrandon Aiyuk
89%
NORChris Olave
89%
DALTony Pollard
89%
LARPuka Nacua
87%
INDMichael Pittman
85%
JAXTravis Etienne
85%
DETDavid Montgomery
83%
JAXCalvin Ridley
76%
CARMiles Sanders
72%
NORRashid Shaheed
67%
LARTutu Atwell
65%
LACJoshua Kelley
59%
ATLTyler Allgeier
59%

Score Distribution

Percentile by Number Answered

Percent of People with Each Score

Your Score History

You have not taken this quiz